U.S. Cities with the Most Indians - Statistics

General Stats
  • This quiz has been taken 256 times
  • The average score is 9 of 10
Answer Stats
Population Metro Area % Correct
711,000 New York
99%
171,000 Los Angeles
97%
238,000 Chicago
94%
234,000 San Francisco
94%
208,000 Dallas
90%
161,000 Houston
90%
192,000 Washington, D.C.
81%
137,000 Atlanta
78%
137,000 Philadelphia
78%
189,000 San Jose
72%
No matching quizzes found
Score Distribution
Percent of People with Each Score
Percentile by Number Answered
Your Score History
You have not taken this quiz